[Event "SLO-chT1 West"]
[Site "Slovenia"]
[Date "2022.10.07"]
[Round "1.1"]
[White "Janzelj, Tim"]
[Black "Djuric, Petar"]
[Result "1-0"]
[WhiteElo "2456"]
[BlackElo "2201"]
[PlyCount "47"]
[EventDate "2022.10.07"]
[EventType "team-tourn"]
[EventRounds "9"]
[EventCountry "SLO"]
[SourceTitle "CBM 210 Extra"]
[Source "ChessBase"]
[SourceDate "2022.11.30"]
[SourceVersion "1"]
[SourceVersionDate "2022.11.30"]
[SourceQuality "1"]
[WhiteTeam "Ig"]
[BlackTeam "Kranj Stari Mayr"]
[WhiteTeamCountry "SLO"]
[BlackTeamCountry "SLO"]

1. d4 Nf6 2. c4 e6 3. Nf3 d5 4. Nc3 Bb4 5. cxd5 exd5 6. Bg5 h6 7. Bh4 0-0 8. e3 Be6 9. Bd3 c5 10. 0-0 c4 11. Bc2 Be7 12. Ne5 Nc6 13. f4 Ne8 14. f5 Bxh4 15. fxe6 Nxe5 16. dxe5 Qe7 17. exf7+ Rxf7 18. Qxd5 Nc7 19. Qxc4 Ne6 20. Rxf7 Kxf7 21. Rf1+ Kg8 22. Bf5 Re8 23. Bxe6+ Qxe6 24. Qxh4 1-0

[Event "Belgrade-chT"]
[Site "Belgrade"]
[Date "2015.09.30"]
[Round "9.3"]
[White "Nikolic, Sava N"]
[Black "Djuric, Petar"]
[Result "1-0"]
[WhiteElo "2281"]
[BlackElo "2254"]
[PlyCount "75"]
[EventDate "2015.09.21"]
[EventType "team-tourn"]
[EventRounds "9"]
[EventCountry "SRB"]
[SourceTitle "CBM 168 Extra"]
[Source "ChessBase"]
[SourceDate "2015.10.29"]
[SourceVersion "1"]
[SourceVersionDate "2015.10.29"]
[SourceQuality "1"]
[WhiteTeam "Belgrade"]
[BlackTeam "Belgrade Radnicki"]
[WhiteTeamCountry "SRB"]
[BlackTeamCountry "SRB"]

1. e4 c5 2. Nf3 d6 3. d3 d5 4. Nbd2 Nc6 5. g3 d4 6. Bg2 e5 7. 0-0 f6 8. Nh4 Be6 9. f4 Qd7 10. a4 g6 11. Nc4 Be7 12. Nf3 exf4 13. gxf4 0-0-0 14. b3 Nh6 15. Bd2 Nf7 16. Be1 Nd6 17. Bg3 Nxc4 18. bxc4 Bh3 19. Qe2 Rde8 20. Kh1 Bxg2+ 21. Qxg2 f5 22. Ne5 Qc7 23. exf5 gxf5 24. Qd5 Nb4 25. Qe6+ Kb8 26. Rf2 Qc8 27. Qh6 Bd8 28. Bh4 Bxh4 29. Qxh4 Rxe5 30. fxe5 Qc6+ 31. Rg2 Nxc2 32. Qf6 Nxa1 33. Qxh8+ Kc7 34. Qxh7+ Kb6 35. Qxf5 Qxa4 36. Qf6+ Ka5 37. Qf1 Kb6 38. Rg6+ 1-0

[Event "Belgrade-chT"]
[Site "Belgrade"]
[Date "2015.09.21"]
[Round "1.3"]
[White "Djuric, Petar"]
[Black "Zarkovic, Mila"]
[Result "1-0"]
[WhiteElo "2254"]
[BlackElo "2205"]
[PlyCount "53"]
[EventDate "2015.09.21"]
[EventType "team-tourn"]
[EventRounds "9"]
[EventCountry "SRB"]
[SourceTitle "CBM 168 Extra"]
[Source "ChessBase"]
[SourceDate "2015.10.29"]
[SourceVersion "1"]
[SourceVersionDate "2015.10.29"]
[SourceQuality "1"]
[WhiteTeam "Belgrade Radnicki"]
[BlackTeam "Itaka"]
[WhiteTeamCountry "SRB"]
[BlackTeamCountry "SRB"]

1. e4 c5 2. Nf3 e6 3. d4 cxd4 4. Nxd4 Nf6 5. Nc3 d6 6. Bd3 Be7 7. 0-0 a6 8. Qe2 Nbd7 9. Bd2 Nc5 10. Rae1 0-0 11. Kh1 Qc7 12. f4 e5 13. Nf5 Bxf5 14. exf5 Nxd3 15. cxd3 Rfe8 16. Qf3 Bf8 17. fxe5 dxe5 18. Bg5 Nd7 19. f6 g6 20. Qh3 Qd6 21. Ne4 Qe6 22. Qh4 Nc5 23. Bh6 Nxe4 24. Bxf8 Rxf8 25. Rxe4 h5 26. Qg5 Kh7 27. Rh4 1-0

[Event "Belgrade-chT"]
[Site "Belgrade"]
[Date "2014.09.28"]
[Round "9.4"]
[White "Skaric, Djuro"]
[Black "Djuric, Petar"]
[Result "1/2-1/2"]
[WhiteElo "2278"]
[BlackElo "2247"]
[PlyCount "22"]
[EventDate "2014.09.20"]
[EventType "team-tourn"]
[EventRounds "11"]
[EventCountry "SRB"]
[SourceTitle "CBM 162 Extra"]
[Source "ChessBase"]
[SourceDate "2014.10.17"]
[SourceVersion "1"]
[SourceVersionDate "2014.10.17"]
[SourceQuality "1"]
[WhiteTeam "Belgrade Sigurnost"]
[BlackTeam "Belgrade Radnicki"]
[WhiteTeamCountry "SRB"]
[BlackTeamCountry "SRB"]

1. c4 Nf6 2. d4 g6 3. Nc3 Bg7 4. e4 d6 5. Nf3 0-0 6. Be2 e5 7. 0-0 Qe8 8. d5 a5 9. Ne1 Na6 10. Be3 b6 11. f3 Nh5 1/2-1/2

[Event "Belgrade-chT"]
[Site "Belgrade"]
[Date "2009.10.11"]
[Round "8"]
[White "Grbic, Milorad"]
[Black "Djuric, Petar"]
[Result "0-1"]
[WhiteElo "2319"]
[BlackElo "2234"]
[PlyCount "124"]
[EventDate "2009.10.04"]
[EventType "team-tourn"]
[EventRounds "9"]
[EventCountry "YUG"]
[SourceTitle "CBM 132 Extra"]
[Source "ChessBase"]
[SourceDate "2009.11.03"]
[SourceVersion "1"]
[SourceVersionDate "2009.11.03"]
[SourceQuality "1"]

1. e4 d6 2. d4 Nf6 3. Bd3 g6 4. Nf3 Bg7 5. 0-0 0-0 6. h3 Nc6 7. c3 e5 8. Re1 h6 9. a3 Nh5 10. Be3 Qf6 11. Bf1 Nf4 12. Kh2 g5 13. g3 Ng6 14. d5 Nb8 15. Nbd2 Qe7 16. g4 Nf4 17. b4 Nd7 18. Nb3 Nf6 19. Nfd2 h5 20. f3 Kh7 21. c4 hxg4 22. hxg4 Kg6 23. Kg1 Rh8 24. Bg2 Nd3 25. Re2 Nf4 26. Re1 Nd3 27. Rf1 b6 28. Nc1 Nf4 29. Ne2 Qf8 30. Ng3 Qg8 31. Nf5 Bf8 32. Kf2 Bxf5 33. exf5+ Kg7 34. Rh1 a5 35. Ne4 Nxe4+ 36. fxe4 axb4 37. axb4 Be7 38. Bxf4 exf4 39. Rxa8 Qxa8 40. Qa1+ Bf6 41. Qxa8 Rxa8 42. Bf3 Ra2+ 43. Be2 Bd4+ 44. Kf3 Ra3+ 45. Kg2 Rg3+ 46. Kh2 Rb3 47. Rd1 Rxb4 48. Kg2 Be3 49. Kf3 Rb2 50. Rd3 Kf6 51. Rd1 Ke5 52. Rd3 f6 53. Rd1 Bd2 54. Bd3 Kd4 55. Bf1 Kc3 56. Ra1 Rb3 57. Ke2 Be3 58. Kf3 Kb2 59. Ra7 Bd4+ 60. Ke2 Kc1 61. Rxc7 Rb2+ 62. Kf3 Rf2# 0-1

[Event "Belgrade-chT"]
[Site "Belgrade"]
[Date "2009.10.10"]
[Round "7"]
[White "Djuric, Petar"]
[Black "Lukovic, Vladimir"]
[Result "1/2-1/2"]
[WhiteElo "2234"]
[BlackElo "2115"]
[PlyCount "64"]
[EventDate "2009.10.04"]
[EventType "team-tourn"]
[EventRounds "9"]
[EventCountry "YUG"]
[SourceTitle "CBM 132 Extra"]
[Source "ChessBase"]
[SourceDate "2009.11.03"]
[SourceVersion "1"]
[SourceVersionDate "2009.11.03"]
[SourceQuality "1"]

1. e4 e5 2. Nf3 Nc6 3. Bc4 Bc5 4. Nc3 Nf6 5. d3 d6 6. Bg5 h6 7. Be3 a6 8. Qd2 Be6 9. Bxe6 fxe6 10. 0-0 Bxe3 11. fxe3 d5 12. Qf2 dxe4 13. Nxe4 Nxe4 14. dxe4 0-0 15. Qg3 Qd6 16. Rad1 Qe7 17. Nxe5 Rxf1+ 18. Rxf1 Nxe5 19. Qxe5 Rd8 20. Qc3 Qd7 21. g3 b6 22. b3 Qd2 23. Qxd2 Rxd2 24. Rf2 Rxf2 25. Kxf2 e5 26. b4 b5 27. Kf3 Kf7 28. Kg4 g6 29. Kf3 Ke6 30. Ke2 Kf6 31. c3 c6 32. c4 Ke6 1/2-1/2

[Event "MNT-chT1"]
[Site "Podgorica"]
[Date "2008.11.09"]
[Round "8"]
[White "Djuric, Petar"]
[Black "Jovanovic, Nenad1"]
[Result "1-0"]
[WhiteElo "2258"]
[BlackElo "2093"]
[PlyCount "31"]
[EventDate "2008.09.07"]
[EventType "tourn"]
[EventRounds "9"]
[EventCountry "MNE"]
[SourceTitle "EXT 2010"]
[Source "ChessBase"]
[SourceDate "2010.11.25"]
[SourceVersion "1"]
[SourceVersionDate "2010.11.25"]
[SourceQuality "1"]

1. d4 Nf6 2. c4 g6 3. Nc3 Bg7 4. e4 d6 5. Nf3 0-0 6. Be2 e5 7. 0-0 Qe8 8. dxe5 dxe5 9. Nb5 Na6 10. Qc2 Qe7 11. a3 Nc5 12. Nc3 a5 13. Be3 c6 14. b4 axb4 15. Bxc5 Qxc5 16. axb4 1-0

[Event "Belgrade-chT"]
[Site "Belgrade"]
[Date "2008.10.13"]
[Round "9"]
[White "Djuric, Petar"]
[Black "Pantovic, Dragan M"]
[Result "1/2-1/2"]
[WhiteElo "2258"]
[BlackElo "2147"]
[PlyCount "34"]
[EventDate "2008.10.05"]
[EventType "tourn"]
[EventRounds "9"]
[EventCountry "YUG"]
[SourceTitle "EXT 2009"]
[Source "ChessBase"]
[SourceDate "2008.11.26"]
[SourceVersion "1"]
[SourceVersionDate "2008.11.26"]
[SourceQuality "1"]

1. e4 c5 2. Nf3 e6 3. d4 cxd4 4. Nxd4 Nf6 5. Nc3 d6 6. Bd3 Nc6 7. Nb3 Be7 8. Qe2 a6 9. 0-0 b5 10. a3 0-0 11. f4 Qc7 12. Kh1 Bb7 13. Bd2 Rfe8 14. Rae1 e5 15. f5 Nd4 16. Nxd4 exd4 17. Nd5 Bxd5 1/2-1/2

[Event "Belgrade-chT"]
[Site "Belgrade"]
[Date "2008.10.12"]
[Round "8"]
[White "Stankovic, Tomislav"]
[Black "Djuric, Petar"]
[Result "1-0"]
[WhiteElo "2076"]
[BlackElo "2258"]
[PlyCount "45"]
[EventDate "2008.10.05"]
[EventType "tourn"]
[EventRounds "9"]
[EventCountry "YUG"]
[SourceTitle "CBM 126 Extra"]
[Source "ChessBase"]
[SourceDate "2008.11.05"]
[SourceVersion "1"]
[SourceVersionDate "2008.11.05"]
[SourceQuality "1"]

1. e4 c5 2. Nf3 e6 3. b3 b6 4. Bb2 Bb7 5. d3 d6 6. g3 Nf6 7. Bg2 Be7 8. 0-0 0-0 9. Nc3 a6 10. Qd2 Nc6 11. Rae1 Qc7 12. Ne2 Rac8 13. Nf4 Nd4 14. c3 Nxf3+ 15. Bxf3 e5 16. Ne2 d5 17. exd5 Nxd5 18. c4 Nb4 19. Bxe5 Qxe5 20. Bxb7 Rcd8 21. Nf4 Qg5 22. h4 Qf6 23. a3 1-0

[Event "Belgrade-chT"]
[Site "Belgrade"]
[Date "2008.10.09"]
[Round "5"]
[White "Nestorovic, Dejan"]
[Black "Djuric, Petar"]
[Result "1-0"]
[WhiteElo "2424"]
[BlackElo "2258"]
[PlyCount "107"]
[EventDate "2008.10.05"]
[EventType "tourn"]
[EventRounds "9"]
[EventCountry "YUG"]
[SourceTitle "CBM 126 Extra"]
[Source "ChessBase"]
[SourceDate "2008.11.05"]
[SourceVersion "1"]
[SourceVersionDate "2008.11.05"]
[SourceQuality "1"]

1. d4 c5 2. d5 e5 3. e4 d6 4. Nc3 Be7 5. Nf3 a6 6. Be2 Bg4 7. Nd2 Bxe2 8. Qxe2 Bg5 9. Qg4 h5 10. Qh3 b5 11. a4 b4 12. Nd1 Qd7 13. Qxd7+ Nxd7 14. Nc4 Be7 15. 0-0 Ngf6 16. Re1 0-0-0 17. Bd2 Kc7 18. c3 bxc3 19. Bxc3 Rc8 20. Nde3 g6 21. f3 Ne8 22. b4 cxb4 23. Bxb4 Kb8 24. Na5 Bd8 25. Nc6+ Ka8 26. a5 Nb8 27. Nxd8 Rxd8 28. Nc4 f6 29. Rec1 Rh7 30. Rab1 Rc7 31. Nb6+ Kb7 32. Bd2 Rxc1+ 33. Bxc1 Nc7 34. Nd7+ Nb5 35. Nxf6 Nd7 36. Nxd7 Rxd7 37. Be3 Rc7 38. Rc1 Rxc1+ 39. Bxc1 Kc7 40. Kf2 Kd7 41. f4 exf4 42. Bxf4 Ke7 43. Bg5+ Kd7 44. Bf6 Na3 45. Bb2 Nc4 46. Bc3 g5 47. Ke2 Na3 48. Kd3 Nb5 49. Bf6 g4 50. Ke3 Ke8 51. Kf4 Kf7 52. Kg5 Na3 53. Bc3 Nc4 54. Kxh5 1-0

[Event "Belgrade-chT"]
[Site "Belgrade"]
[Date "2008.10.07"]
[Round "3"]
[White "Djuric, Petar"]
[Black "Ivanovic, Nikola"]
[Result "1-0"]
[WhiteElo "2258"]
[BlackElo "2212"]
[PlyCount "105"]
[EventDate "2008.10.05"]
[EventType "tourn"]
[EventRounds "9"]
[EventCountry "YUG"]
[SourceTitle "CBM 126 Extra"]
[Source "ChessBase"]
[SourceDate "2008.11.05"]
[SourceVersion "1"]
[SourceVersionDate "2008.11.05"]
[SourceQuality "1"]

1. e4 c5 2. Nf3 Nc6 3. d4 cxd4 4. Nxd4 Nf6 5. Nc3 d6 6. Bc4 e6 7. Be3 Be7 8. Qe2 a6 9. 0-0-0 Qc7 10. Bb3 0-0 11. g4 Nxd4 12. Rxd4 b5 13. Rg1 Nd7 14. g5 Nc5 15. f4 Bb7 16. f5 Nxb3+ 17. axb3 Rfe8 18. f6 Bf8 19. e5 dxe5 20. Rh4 g6 21. Rg3 h6 22. Rgh3 Qc6 23. Ne4 Qxe4 24. Rxe4 Bxe4 25. Bc5 Bf5 26. Rc3 Bxc5 27. Rxc5 h5 28. Qxe5 Red8 29. b4 a5 30. bxa5 Rxa5 31. b4 Ra2 32. Rc7 Bg4 33. Kb1 Rda8 34. Qc3 e5 35. Qxe5 Be6 36. Qxb5 Ra1+ 37. Kb2 R1a2+ 38. Kc1 Ra1+ 39. Kd2 Rd8+ 40. Ke2 Bg4+ 41. Kf2 Rh1 42. Re7 Rxh2+ 43. Kg1 Rhd2 44. Re8+ Kh7 45. Rxd8 Rxd8 46. Qc4 Be6 47. Qf4 Rc8 48. b5 Rxc2 49. b6 Rb2 50. Qd6 Rb5 51. Qf8 Rb1+ 52. Kf2 Rb2+ 53. Ke1 1-0

[Event "Belgrade-chT"]
[Site "Belgrade"]
[Date "2008.10.05"]
[Round "1"]
[White "Djerfi, Karolj"]
[Black "Djuric, Petar"]
[Result "1-0"]
[WhiteElo "2351"]
[BlackElo "2258"]
[PlyCount "88"]
[EventDate "2008.10.05"]
[EventType "tourn"]
[EventRounds "9"]
[EventCountry "YUG"]
[SourceTitle "CBM 126 Extra"]
[Source "ChessBase"]
[SourceDate "2008.11.05"]
[SourceVersion "1"]
[SourceVersionDate "2008.11.05"]
[SourceQuality "1"]

1. d4 c5 2. d5 g6 3. e4 d6 4. Be2 Bg7 5. Nf3 a6 6. a4 Nf6 7. Nc3 0-0 8. 0-0 Bg4 9. Nd2 Bxe2 10. Qxe2 Nbd7 11. Nc4 Ne8 12. Bg5 Nc7 13. a5 f6 14. Bd2 Nb5 15. Na4 f5 16. c3 fxe4 17. Nab6 Rb8 18. Qxe4 Nf6 19. Qd3 Qe8 20. Bg5 Qf7 21. Rae1 Rbd8 22. Re2 h6 23. Bxf6 Bxf6 24. Qh3 Bg7 25. Rfe1 Rfe8 26. Qh4 Qf6 27. Qg4 h5 28. Qh3 Nc7 29. Qd3 Bh6 30. Nd2 Qf5 31. Qxf5 gxf5 32. Nf3 Kf7 33. Nh4 f4 34. Nf5 Bg5 35. Re4 h4 36. g3 hxg3 37. fxg3 fxg3 38. hxg3 Bf6 39. Kg2 e6 40. dxe6+ Kg6 41. e7 Kxf5 42. exd8Q Rxd8 43. Rf4+ Kg6 44. Ref1 Be5 1-0

[Event "MNT CupT"]
[Site "Podgorica"]
[Date "2008.03.16"]
[Round "1"]
[White "Durutovic, Dragutin"]
[Black "Djuric, Petar"]
[Result "0-1"]
[WhiteElo "2118"]
[BlackElo "2258"]
[PlyCount "66"]
[EventDate "2008.03.16"]
[EventType "team-tourn"]
[EventRounds "5"]
[EventCountry "MNE"]
[SourceTitle "EXT 2009"]
[Source "ChessBase"]
[SourceDate "2008.11.26"]
[SourceVersion "1"]
[SourceVersionDate "2008.11.26"]
[SourceQuality "1"]

1. e4 d5 2. exd5 Qxd5 3. Nc3 Qa5 4. d4 c6 5. Bc4 Nf6 6. Nf3 Bg4 7. Bxf7+ Kxf7 8. Ne5+ Qxe5+ 9. dxe5 Bxd1 10. Nxd1 Nd5 11. 0-0 e6 12. c4 Nb4 13. Bd2 Nd7 14. Bxb4 Bxb4 15. f4 Rhf8 16. Nf2 Bc5 17. Rad1 Rad8 18. b4 Bxf2+ 19. Rxf2 Nb6 20. Rc1 Rd4 21. c5 Nd5 22. b5 Rxf4 23. bxc6 bxc6 24. Rb2 Kg6 25. h3 Ne3 26. Rc3 Rf1+ 27. Kh2 Re1 28. Rd3 Rff1 29. g4 Rh1+ 30. Kg3 Kg5 31. Rb7 Reg1+ 32. Kf3 Rxh3+ 33. Kf2 Rg2+ 0-1

[Event "MNT-chT1"]
[Site "Podgorica"]
[Date "2007.10.21"]
[Round "7"]
[White "Djuric, Petar"]
[Black "Djuric, Zoran"]
[Result "0-1"]
[WhiteElo "2258"]
[BlackElo "2205"]
[PlyCount "80"]
[EventDate "2007.08.26"]
[EventType "tourn"]
[EventRounds "9"]
[EventCountry "MNE"]
[SourceTitle "EXT 2009"]
[Source "ChessBase"]
[SourceDate "2008.11.26"]
[SourceVersion "1"]
[SourceVersionDate "2008.11.26"]
[SourceQuality "1"]

1. d4 d5 2. c4 e6 3. Nf3 Nf6 4. Nc3 c6 5. Bg5 dxc4 6. e3 b5 7. Be2 Bb7 8. 0-0 Nbd7 9. a3 Be7 10. b3 cxb3 11. Qxb3 a6 12. Bf4 0-0 13. Rfc1 c5 14. dxc5 Nxc5 15. Qa2 Nd5 16. Be5 Rc8 17. Nd4 Bf6 18. Bxf6 Qxf6 19. Bf3 Nxc3 20. Rxc3 Bxf3 21. gxf3 e5 22. Ne2 Qxf3 23. Rac1 Ne4 24. Rxc8 Qxf2+ 25. Kh1 Qf3+ 26. Kg1 Qxe3+ 27. Kh1 Qf3+ 28. Kg1 Qe3+ 29. Kh1 Qf3+ 30. Kg1 Qg4+ 31. Ng3 Rxc8 32. Rxc8+ Qxc8 33. Nxe4 Qg4+ 34. Ng3 h5 35. Kf2 h4 36. Nf1 Qd4+ 37. Ke2 Qa4 38. Qb2 Qc4+ 39. Kf2 f6 40. Ne3 Qf4+ 0-1

[Event "MNT-chT1"]
[Site "Podgorica"]
[Date "2007.09.16"]
[Round "3"]
[White "Djuric, Petar"]
[Black "Anastasijevic, Marko"]
[Result "1-0"]
[WhiteElo "2258"]
[BlackElo "1777"]
[PlyCount "51"]
[EventDate "2007.08.26"]
[EventType "tourn"]
[EventRounds "9"]
[EventCountry "MNE"]
[SourceTitle "EXT 2009"]
[Source "ChessBase"]
[SourceDate "2008.11.26"]
[SourceVersion "1"]
[SourceVersionDate "2008.11.26"]
[SourceQuality "1"]

1. d4 Nf6 2. c4 g6 3. Nc3 d5 4. Nf3 Bg7 5. Bg5 c6 6. e3 0-0 7. Bd3 Nbd7 8. 0-0 dxc4 9. Bxc4 b5 10. Bb3 Bb7 11. Ne5 b4 12. Na4 Ne4 13. Bf4 Nxe5 14. Bxe5 Bxe5 15. dxe5 Ba6 16. Re1 Bb5 17. Qg4 Qa5 18. Qxe4 Bxa4 19. e6 f6 20. Bxa4 Qxa4 21. b3 Qb5 22. Red1 Rfd8 23. Rd7 Rxd7 24. exd7 Qe5 25. Qc4+ Qd5 26. Rd1 1-0

[Event "Belgrade tt Cup"]
[Site "Belgrade"]
[Date "2007.04.10"]
[Round "2.2"]
[White "Zlatkovic, Mile"]
[Black "Djuric, Petar"]
[Result "0-1"]
[WhiteElo "2140"]
[BlackElo "2262"]
[PlyCount "109"]
[EventDate "2007.04.09"]
[EventType "tourn"]
[EventRounds "5"]
[EventCountry "YUG"]
[SourceTitle "EXT 2008"]
[Source "ChessBase"]
[SourceDate "2007.11.25"]
[SourceVersion "1"]
[SourceVersionDate "2007.11.25"]
[SourceQuality "1"]

1. e4 c5 2. Nc3 Nc6 3. d3 d6 4. g3 e6 5. Bg2 g6 6. f4 Bg7 7. Nf3 Nge7 8. 0-0 0-0 9. h3 Nd4 10. Ne2 e5 11. Kh2 Rb8 12. a4 b6 13. c3 Ne6 14. Kh1 Bb7 15. g4 exf4 16. Nxf4 Nc7 17. Qc2 Nc6 18. Be3 Qe7 19. Rae1 Rbe8 20. Bg1 Qd7 21. Bh2 Ne5 22. b3 a6 23. Bg1 Nxf3 24. Bxf3 d5 25. a5 Qd6 26. axb6 Nb5 27. Ne2 d4 28. c4 Nc3 29. Bg2 Nxe2 30. Qxe2 Qxb6 31. Qd2 Be5 32. Rb1 a5 33. Ra1 Ra8 34. Bh2 Bxh2 35. Kxh2 Qb4 36. Qc2 Bc6 37. Kh1 Rfb8 38. Rf6 Be8 39. e5 Ra7 40. Qf2 Qc3 41. Rf1 Qxd3 42. e6 Qe3 43. exf7+ Bxf7 44. Rxf7 Qxf2 45. R7xf2 Rxb3 46. Rf8+ Kg7 47. g5 h6 48. Bd5 hxg5 49. Rg8+ Kh7 50. Rff8 Rxh3+ 51. Kg2 g4 52. Be4 Ra6 53. Rh8+ Kg7 54. Rfg8+ Kf7 55. Rf8+ 0-1

[Event "Belgrade Radnicki op"]
[Site "Belgrade"]
[Date "2006.06.04"]
[Round "9"]
[White "Andrejic, Vladica"]
[Black "Djuric, Petar"]
[Result "1/2-1/2"]
[WhiteElo "2184"]
[BlackElo "2258"]
[PlyCount "106"]
[EventDate "2006.05.27"]
[EventType "swiss"]
[EventRounds "9"]
[EventCountry "YUG"]
[SourceTitle "EXT 2008"]
[Source "ChessBase"]
[SourceDate "2007.11.25"]
[SourceVersion "1"]
[SourceVersionDate "2007.11.25"]
[SourceQuality "1"]

1. e4 c5 2. Nf3 e6 3. d4 cxd4 4. Nxd4 Nf6 5. Bd3 a6 6. 0-0 Qc7 7. c4 Nc6 8. Nxc6 dxc6 9. Be3 h5 10. h3 e5 11. Nc3 Be6 12. Re1 Bb4 13. Qc2 Nd7 14. a3 Bxc3 15. Qxc3 c5 16. b4 b6 17. Rf1 f6 18. f4 Ke7 19. f5 Bf7 20. Rac1 g5 21. g3 Rhc8 22. Rf2 Qd6 23. Rd2 Nb8 24. bxc5 bxc5 25. Bc2 Qc6 26. Rcd1 Qc7 27. Ba4 Ra7 28. Qd3 Rb7 29. Qc3 Qb6 30. Bxg5 Qc7 31. Bxf6+ Kxf6 32. Rd6+ Kg7 33. Qxe5+ Kg8 34. Qf6 Rb6 35. Qg5+ Kh7 36. Rd7 Nxd7 37. Rxd7 Rb1+ 38. Kf2 Rb2+ 39. Kf3 Rb3+ 40. Kf2 Rb2+ 41. Kf3 Rb3+ 42. Ke2 Qxd7 43. Bxd7 Rg8 44. Qe7 Rg7 45. Be6 Bxe6 46. Qxe6 Rxa3 47. g4 hxg4 48. f6 Rb7 49. Qe7+ Rxe7 50. fxe7 gxh3 51. e8Q h2 52. Qf7+ Kh6 53. Qf8+ Kg6 1/2-1/2

[Event "Belgrade Radnicki op"]
[Site "Belgrade"]
[Date "2006.05.30"]
[Round "4"]
[White "Djuric, Petar"]
[Black "Carnic, Dejan"]
[Result "1/2-1/2"]
[WhiteElo "2258"]
[BlackElo "2195"]
[PlyCount "43"]
[EventDate "2006.05.27"]
[EventType "swiss"]
[EventRounds "9"]
[EventCountry "YUG"]
[SourceTitle "EXT 2008"]
[Source "ChessBase"]
[SourceDate "2007.11.25"]
[SourceVersion "1"]
[SourceVersionDate "2007.11.25"]
[SourceQuality "1"]

1. e4 e5 2. Nf3 Nc6 3. Bc4 Bc5 4. c3 Nf6 5. d4 exd4 6. cxd4 Bb4+ 7. Nc3 Nxe4 8. 0-0 Bxc3 9. d5 Bf6 10. Re1 Ne7 11. Rxe4 d6 12. Bg5 Bxg5 13. Nxg5 0-0 14. Nxh7 Kxh7 15. Qh5+ Kg8 16. Rh4 f5 17. Rh3 f4 18. Bd3 Bf5 19. Qh8+ Kf7 20. Qh5+ Kg8 21. Qh8+ Kf7 22. Qh5+ 1/2-1/2

[Event "Belgrade Radnicki op"]
[Site "Belgrade"]
[Date "2006.05.29"]
[Round "3"]
[White "Cobic, Vladimir"]
[Black "Djuric, Petar"]
[Result "1/2-1/2"]
[WhiteElo "2327"]
[BlackElo "2258"]
[PlyCount "110"]
[EventDate "2006.05.27"]
[EventType "swiss"]
[EventRounds "9"]
[EventCountry "YUG"]
[SourceTitle "EXT 2008"]
[Source "ChessBase"]
[SourceDate "2007.11.25"]
[SourceVersion "1"]
[SourceVersionDate "2007.11.25"]
[SourceQuality "1"]

1. e4 c5 2. Nf3 d6 3. d4 cxd4 4. Qxd4 a6 5. c4 Nc6 6. Qd2 Nf6 7. Nc3 e6 8. Be2 Be7 9. 0-0 0-0 10. b3 b6 11. Ba3 Qc7 12. Rac1 Qb8 13. Rfd1 Rd8 14. Nd4 Bd7 15. Nc2 Be8 16. Qe3 Ne5 17. f4 Ng6 18. Nd4 Nxf4 19. Qxf4 e5 20. Qf2 exd4 21. Qxd4 b5 22. Nd5 Nxd5 23. Qxd5 Qb6+ 24. Kh1 Bc6 25. Qf5 Qe3 26. Bf3 g6 27. Qg4 h5 28. Qg3 h4 29. Qe1 Qxe1+ 30. Rxe1 Bg5 31. Rc2 Bf4 32. Bc1 Bxc1 33. Rexc1 Bb7 34. cxb5 axb5 35. Rc7 Rac8 36. Rxc8 Rxc8 37. Rxc8+ Bxc8 38. a4 bxa4 39. bxa4 Kf8 40. Kg1 Ke7 41. Kf2 Kf6 42. Ke3 Ke5 43. Be2 Bb7 44. Bd3 d5 45. exd5 Bxd5 46. Bf1 g5 47. a5 Kd6 48. Kd4 f5 49. a6 Be4 50. Bd3 Bxg2 51. Bxf5 Kc6 52. Bg4 Kb6 53. Ke5 Kxa6 54. Kf5 Kb6 55. Kxg5 h3 1/2-1/2

[Event "Belgrade Radnicki op"]
[Site "Belgrade"]
[Date "2006.05.27"]
[Round "1"]
[White "Rajcevic, Stevan"]
[Black "Djuric, Petar"]
[Result "0-1"]
[WhiteElo "2091"]
[BlackElo "2258"]
[PlyCount "120"]
[EventDate "2006.05.27"]
[EventType "swiss"]
[EventRounds "9"]
[EventCountry "YUG"]
[SourceTitle "EXT 2008"]
[Source "ChessBase"]
[SourceDate "2007.11.25"]
[SourceVersion "1"]
[SourceVersionDate "2007.11.25"]
[SourceQuality "1"]

1. d4 Nf6 2. c4 g6 3. Nc3 Bg7 4. Bg5 0-0 5. e3 d6 6. Be2 c6 7. Nf3 h6 8. Bh4 Qb6 9. Qd2 Bf5 10. h3 Re8 11. Bg3 c5 12. 0-0 Ne4 13. Nxe4 Bxe4 14. Rad1 Nc6 15. d5 Nb4 16. a3 Na6 17. Rb1 Qb3 18. Ra1 Rab8 19. Ne1 Bxb2 20. Bd1 Qc3 21. Qxc3 Bxc3 22. Ra2 Bb1 23. Re2 Bxe1 24. Rexe1 Bd3 25. Be2 Bxe2 26. Rxe2 b5 27. Ra2 f5 28. e4 bxc4 29. exf5 gxf5 30. Rc2 Rb3 31. Rxc4 Nc7 32. Ra4 a6 33. Rd1 Reb8 34. Kh2 Rb1 35. Rd2 R8b2 36. Rxb2 Rxb2 37. Rf4 Nxd5 38. Rxf5 Rd2 39. Rh5 Kg7 40. Rh4 Rd4 41. Rxd4 cxd4 42. Kg1 Nb6 43. Kf1 Nc4 44. a4 Nb6 45. Ke2 Nxa4 46. Kd3 e5 47. f4 Kf6 48. fxe5+ dxe5 49. Be1 h5 50. g4 hxg4 51. hxg4 Ke6 52. Ba5 Nc5+ 53. Kc4 Ne4 54. Be1 Nf6 55. g5 Ng4 56. Bd2 Ne3+ 57. Kc5 Kf5 58. Be1 Kxg5 59. Bg3 Kf5 60. Kd6 Ke4 0-1

[Event "SCG-chT 48th"]
[Site "Herceg Novi"]
[Date "2005.05.17"]
[Round "3"]
[White "Filipovic, Zivadin"]
[Black "Djuric, Petar"]
[Result "0-1"]
[WhiteElo "2135"]
[BlackElo "2228"]
[PlyCount "82"]
[EventDate "2005.05.15"]
[EventType "team-tourn"]
[EventRounds "7"]
[EventCountry "YUG"]
[SourceTitle "CBM 106 Extra"]
[Source "ChessBase"]
[SourceDate "2005.07.01"]
[SourceVersion "1"]
[SourceVersionDate "2005.07.01"]
[SourceQuality "1"]

1. d4 c5 2. d5 e6 3. c4 exd5 4. cxd5 d6 5. g3 g6 6. Bg2 Bg7 7. Nc3 Nf6 8. e4 0-0 9. Nge2 Re8 10. Qc2 Na6 11. a3 Bd7 12. Bf4 Qe7 13. Rd1 Nh5 14. Bc1 f5 15. 0-0 b5 16. f3 b4 17. Nb1 Rac8 18. Nd2 c4 19. Nxc4 bxa3 20. b3 Nb4 21. Qd2 a2 22. Bb2 Bxb2 23. Qxb2 Bb5 24. Rd4 Bxc4 25. bxc4 Rb8 26. Qa3 Qc7 27. g4 Nc2 28. Qxa2 Nxd4 29. Nxd4 Qc5 30. Qd2 Nf4 31. Qxf4 Qxd4+ 32. Kh1 fxe4 33. Qxd6 e3 34. Qg3 Qxc4 35. f4 Qd4 36. f5 e2 37. Re1 Qe5 38. Qd3 Qe3 39. Qa6 Qd2 40. Qa1 Qxe1+ 41. Qxe1 Rb1 0-1

[Event "Tivat op"]
[Site "Tivat"]
[Date "1995.??.??"]
[Round "1"]
[White "Djuric, Petar"]
[Black "Pavlovic, Milos"]
[Result "0-1"]
[WhiteElo "2320"]
[BlackElo "2505"]
[PlyCount "60"]
[EventDate "1995.??.??"]
[EventType "swiss"]
[EventRounds "11"]
[EventCountry "YUG"]
[SourceTitle "EXT 2000"]
[Source "ChessBase"]
[SourceDate "1999.11.16"]
[SourceVersion "1"]
[SourceVersionDate "1999.11.16"]
[SourceQuality "1"]

1. e4 e5 2. Nf3 Nc6 3. Bc4 Nf6 4. Ng5 d5 5. exd5 Nd4 6. c3 b5 7. Bf1 Nxd5 8. Ne4 Ne6 9. Bxb5+ Bd7 10. Bxd7+ Qxd7 11. 0-0 f5 12. Ng3 g6 13. d4 exd4 14. Ne2 dxc3 15. Nbxc3 Nxc3 16. bxc3 Qxd1 17. Rxd1 Bd6 18. a4 0-0-0 19. Be3 a6 20. Nd4 Rde8 21. Nxe6 Rxe6 22. g3 Rf8 23. Rab1 f4 24. gxf4 Bxf4 25. Ba7 Rd6 26. Re1 Rf7 27. Re4 Kd7 28. Kg2 Rd5 29. Rd4 Rxd4 30. Bxd4 Rf5 0-1